ロード中...
Mysticism and yoga tantra/
| フォーマット: | Printed Book |
|---|---|
| 出版事項: |
New Delhi:
Cosmo,
2000.
|
| 主題: |
| LEADER | 00482nam a22001451a 4500 | ||
|---|---|---|---|
| 020 | |a 9788170209973 | ||
| 082 | |a 149.3 |b P00 | ||
| 245 | |a Mysticism and yoga tantra/ |c by Sadhu Santideva (ed.) | ||
| 260 | |a New Delhi: |b Cosmo, |c 2000. | ||
| 300 | |a 302p. | ||
| 650 | |a Philosophy Yoga |9 116150 | ||
| 650 | |a Mysticism |9 116151 | ||
| 942 | |c BK | ||
| 999 | |c 29991 |d 29991 | ||
| 952 | |0 0 |1 0 |4 0 |6 149_300000000000000_P00 |7 0 |9 43151 |a SSUS |b SSUS |d 2015-01-08 |g 895.00 |o 149.3 P00 |p 018553 |r 2015-01-08 |v 0.00 |w 2015-01-08 |y BK | ||